000 00633nam a2200205 i 4500
001 51380
003 ES-MaACL
005 20240524062951.0
007 t|
008 030812s1943 sp ||||1| spa d
100 0 _aChesterton, G. K.,
_d1874-1936
_938399
245 1 0 _aWilliam Cobbett /
_cG.K. Chesterton ; traducción de Luis Nonell.
260 _aBarcelona :
_bIbérica,
_c1943 (
_fImp. Moderna)
300 _a194 p. ;
_c20 cm.
490 1 _aColección historia
700 0 _aNonell, Lluís.
_985940
830 0 _aColección historia
_9179966
852 _aES-MaACL
_jF-16107
_bR.20816
999 _c51380
_d51380